UK Towns Quiz - Merseyside - Statistics

General Stats
  • This quiz has been taken 212 times
  • The average score is 12 of 29
Answer Stats
Clue Population Town % Correct
L 506,552 Liverpool
100%
B 109,848 Birkenhead
90%
S 94,421 Southport
85%
S 107,677 St Helens
81%
B 53,718 Bootle
77%
W 85,611 Wallasey
66%
F 22,886 Formby
60%
K 45,564 Kirkby
60%
H 59,846 Huyton with Roby
57%
C 50,213 Crosby
54%
P 39,222 Prescot
44%
W 13,380 West Kirby
41%
B 57,597 Bebington
40%
H 29,079 Heswall
38%
H 5,317 Hoylake
37%
K 2,344 Knowsley
37%
M 20,356 Maghull
33%
N 24,642 Newton-le-Willows
33%
L 18,749 Litherland
31%
A 6,209 Aintree
29%
H 16,133 Haydock
22%
M 5,022 Meols
21%
G 9,175 Greasby
17%
H 2,017 Hightown
17%
L 6,511 Lydiate
13%
B 4,971 Billinge
12%
C 1,235 Cronton
8%
C 1,229 Caldy
6%
R 5,576 Rainsford
0%
No matching quizzes found
Score Distribution
Percent of People with Each Score
Percentile by Number Answered
Your Score History
You have not taken this quiz